00514cam a22001452 4500001001100000005001700011008004100028040001500069050001700084100003000101245010800131300001500239500007100254650004300325000000502820151217161556.0070605s xx 000 0 eng d aKABUcKABU 0aT173.8b.M881 aMutanu, Leah.@000015608410aTechnology diffusion models for strategic management purposes :ba case of integrated systems in Kenya. a82 leaves. aThesis (Msc in Information Systems) - University of Nairobi, 2004. 0aTechnological innovations.@0000033363